000 00490nam a2200181Ia 4500
005 20250508162117.0
008 008 250505s9999 xx 000 0 hin d
037 _aTextual
040 _aFEDL
_beng
_cFEDL
041 _ahin
_2eng
084 _a370.1, SAG
_qFEDL
100 _aSagal Manmohan
_9772327
245 0 _aShiksha - darshan
260 _aNew Delhi, India
_bDelhi Pustak Sadan
_c1958
300 _a184p.
942 _cTEXL
_h370.1, SAG
999 _c1374433
_d1374433